Catálogo

Arte, cultura y poder en la Nueva España / (Registro nro. 67355)

Detalles MARC
000 -LEADER
fixed length control field 01091cam a2200289 i 4500
001 - CONTROL NUMBER
control field 67355
003 - CONTROL NUMBER IDENTIFIER
control field Mx-PuUPA
005 - DATE AND TIME OF LATEST TRANSACTION
control field 20191008162906.0
008 - FIXED-LENGTH DATA ELEMENTS--GENERAL INFORMATION
fixed length control field 170516s2016 nyua gr 001 0 spa d
020 ## - INTERNATIONAL STANDARD BOOK NUMBER
International Standard Book Number 9781938795213
040 ## - CATALOGING SOURCE
Original cataloging agency MX-PuUPA
Language of cataloging spa
Description conventions rda
Transcribing agency Mx-PuUPA
Modifying agency Mx-PuUPA
041 0# - LANGUAGE CODE
Language code of text/sound track or separate title spa
245 10 - TITLE STATEMENT
Title Arte, cultura y poder en la Nueva España /
Statement of responsibility, etc. Robin Ann Rice, editor
264 #1 - PRODUCTION, PUBLICATION, DISTRIBUTION, MANUFACTURE, AND COPYRIGHT NOTICE
Place of production, publication, distribution, manufacture New York :
Name of producer, publisher, distributor, manufacturer Instituto de Estudios Auriseculares,
Date of production, publication, distribution, manufacture, or copyright notice 2016
300 ## - PHYSICAL DESCRIPTION
Extent 297 páginas :
Other physical details ilustraciones ;
Dimensions 23 cm.
336 ## - CONTENT TYPE
Content type term texto
Fuente rdacontent
Content type code txt
337 ## - MEDIA TYPE
Media type term sin medio
Source rdamedia
Media type code n
338 ## - CARRIER TYPE
Carrier type term volumen
Source rdacarrier
Carrier type code nc
490 0# - SERIES STATEMENT
Series statement Colección Batihoja ; Serie Proyecto Estudios Indianos (PEI) ;
Volume/sequential designation 28
650 #4 - SUBJECT ADDED ENTRY--TOPICAL TERM
Topical term or geographic name entry element Literatura española
General subdivision Historia y crítica
Chronological subdivision Siglo XVI - XVII
650 #4 - SUBJECT ADDED ENTRY--TOPICAL TERM
Topical term or geographic name entry element Literatura hispanoamericana
General subdivision Historia y crítica
Chronological subdivision Siglo XVI- XVII
651 #4 - SUBJECT ADDED ENTRY--GEOGRAPHIC NAME
Geographic name España
General subdivision Civilización y cultura
Chronological subdivision Siglo XVI - XVII
700 1# - ADDED ENTRY--PERSONAL NAME
9 (RLIN) 4678
Personal name Rice Carlssohn, Robin Ann,
Relator term editor
942 ## - ADDED ENTRY ELEMENTS (KOHA)
Source of classification or shelving scheme Dewey Decimal Classification
Koha item type Libro
Classification part 860.4
Item part A7841
Existencias
Withdrawn status Lost status Source of classification or shelving scheme Damaged status Not for loan Collection code Home library Current library Shelving location Date acquired Source of acquisition Total Checkouts Full call number Barcode Date last seen Copy number Price effective from Koha item type Date last checked out Total Renewals
    Dewey Decimal Classification     General Biblioteca Karol Wojtyla Biblioteca Karol Wojtyla Sala general 11/09/2017 Compra   860.4 A7841 2016 98550 05/01/2026 Ej.3 11/09/2017 Libro    
    Dewey Decimal Classification     General Biblioteca Karol Wojtyla Biblioteca Karol Wojtyla Sala general 11/09/2017 Compra 2 860.4 A7841 2016 98549 05/01/2026 Ej.2 11/09/2017 Libro 08/10/2022  
    Dewey Decimal Classification     General Biblioteca Karol Wojtyla Biblioteca Karol Wojtyla Sala general 11/09/2017 Compra 3 860.4 A7841 2016 98548 05/01/2026 Ej.1 11/09/2017 Libro 17/10/2025 1
    Dewey Decimal Classification   Consulta en sala UPAEP Biblioteca Karol Wojtyla Biblioteca Karol Wojtyla Sala "Colecciones Especiales" 16/05/2017 Compra   860.4 A7841 2016 97690 05/01/2026   08/08/2017 Libro